UBT Library

Privatizimi (Record no. 54863)

000 -LEADER
fixed length control field 00256nam a22001217a 4500
008 - FIXED-LENGTH DATA ELEMENTS--GENERAL INFORMATION
fixed length control field 190316b xxu||||| |||| 00| 0 eng d
041 ## - LANGUAGE CODE
Language code of text/sound track or separate title eng
080 ## - UNIVERSAL DECIMAL CLASSIFICATION NUMBER
Universal Decimal Classification number 043.3
100 ## - Rafti
Rafti 0
101 ## - Shkurtesa
Shkurtesa MBE-BA
245 ## - TITLE STATEMENT
Title Privatizimi
Statement of responsibility, etc Rrustemi, L
942 ## - ADDED ENTRY ELEMENTS (KOHA)
Source of classification or shelving scheme
Item type Books
Holdings
Withdrawn status Lost status Source of classification or shelving scheme Damaged status Not for loan Collection code Permanent location Current location Shelving location Date acquired Total Checkouts Full call number Barcode Date last seen Price effective from Koha item type
          Koleksioni i përgjithshem UBT - Lipjan UBT - Lipjan Disertacionet 03/16/2019   043.3 Rrustemi, L 2018 MBE 002-3023362 03/16/2019 03/16/2019 Dissertation
UBT Library © 2015-2024. All rights reserved University Education for Business and Technology